000 00463nam a2200181 i 4500
001 2-0073385
003 PPAK
005 20180728112828.0
008 970429s -hk |||| ||||| | eng d
022 _a0115-4842
040 _aPPAK
_beng
_cPPAK
_erda
245 0 0 _aWorld Executive's Digest
264 1 _aHong Kong:
_bWorld Executives Digest,
336 _2rdacontent
_atext
337 _2rdamedia
_aunmediated
338 _2rdacarrier
_avolume
942 _ddc
_cSR
999 _c168307
_d168307